LEADER 01129nam--2200361---45-- 001 990000460340203316 010 $a1-57231-805-8 035 $a0046034 035 $aUSA010046034 035 $a(ALEPH)000046034USA01 035 $a0046034 100 $a20010522d2000----km-y0ITAy0103-------ba 101 0 $aENG 102 $aUS 200 1 $aMicrosoft Internet information services 5.0 resource guide$fMicrosoft Corporation (ed.) 210 $aWashington$cMicrosoft Press$dcopyr. 2000 215 $aXVIII, 707 p.$cill.$d25 cm 410 $12001 610 1 $aSistema operativo Windows 610 1 $aProgramma Microsoft Windows 2000 676 $a005.44 702 1$aMicrosoft Corporation 801 0$aITA$bCBS$gISBD 912 $a990000460340203316 951 $a005.44 MIC$b0026395 CBS$c005.44$d00104831 959 $aBK 969 $aSCI 979 $aALANDI$b90$c20010522$lUSA01$h0936 979 $aALANDI$b90$c20010614$lUSA01$h1641 979 $c20020403$lUSA01$h1654 979 $aPATRY$b90$c20040406$lUSA01$h1632 996 $aMicrosoft Internet information services 5.0 resource guide$9889242 997 $aUNISA